| 000 | 00581nam a2200181 a 4500 | ||
|---|---|---|---|
| 001 | 60726 | ||
| 005 | 20180714062113.0 | ||
| 008 | 140415s1984 000 0 spa d | ||
| 041 | _aspa | ||
| 082 |
_a658.072 _bARI |
||
| 100 | 1 | _aARIAS GALICIA, FERNANDO | |
| 245 | 1 | 0 |
_aINTRODUCCION A LA TECNICA DE INVESTIGACION EN : _bCIENCIAS DE LA ADMINISTRACION Y DEL COMPORTAMIENTO |
| 250 | _a3a ed. | ||
| 260 |
_a[s.l.] : _bED. TRILLAS, _c1984 |
||
| 300 | _a259 | ||
| 490 | _aBIBL. DE CIENCIAS DE LA ADMINISTRACION | ||
| 650 | 1 | 4 |
_aINVESTIGACION CIENTIFICA _xADMINISTRACION |
| 999 |
_c60726 _d60726 |
||